| 000 | 00000nam 2200000zi 4500 |
| 001 | 9.940699 |
| 003 | CaOODSP |
| 005 | 20240719143208 |
| 006 | m o d f |
| 007 | cr |n||||||||| |
| 008 | 240717s2019 onca ob f100 0 fre d |
| 040 | |aCaOODSP|bfre|erda|cCaOODSP |
| 043 | |an-cn--- |
| 086 | 1 |aR104-17/2019F-PDF |
| 111 | 2 |aConférence sur le logement dans le Nord |d(mai 2018 : |cYellowknife, Territoires du Nord-Ouest)|j auteur. |
| 245 | 10|aRecommandations sur la politique sur le logement dans le Nord / |cdocument préparé en partenariat avec les participants à la Conférence sur le logement dans le Nord, Stratos Inc. et Savoir polaire Canada. |
| 264 | 1|a[Ottawa] : |bSavoir polaire Canada, |c2019 |
| 300 | |a1 ressource en ligne (43 pages) : |billustrations en couleur |
| 336 | |atexte|btxt|2rdacontent/fre |
| 337 | |ainformatique|bc|2rdamedia/fre |
| 338 | |aressource en ligne|bcr|2rdacarrier/fre |
| 500 | |a« Mai 2019. » |
| 500 | |aTitre de la couverture. |
| 500 | |aPublié aussi en anglais sous le titre : Northern housing policy recommendations. |
| 504 | |aComprend des références bibliographiques. |
| 650 | 6|aLogement|xPolitique gouvernementale|zCanada (Nord)|vCongrès. |
| 650 | 6|aPeuples autochtones|xLogement|zCanada (Nord)|vCongrès. |
| 710 | 2 |aSavoir polaire Canada, |eorganisme de publication. |
| 775 | 08|tNorthern housing policy recommendations / |w(CaOODSP)9.940698 |
| 856 | 40|qPDF|s3.55 Mo|uhttps://publications.gc.ca/collections/collection_2024/polaire-polar/R104-17-2019-fra.pdf |